Relato de un náufrago (Registro nro. 4837)
[ vista simple ]
| 000 -Cabecera | |
|---|---|
| Campo de control de longitud fija | 00670aam a2200277 4500 |
| 005 - Fecha y hora de la última transacción | |
| Campo de control | 20250619145146.0 |
| 008 - Elementos de longitud fija--Información general | |
| Campo de control de longitud fija | 150420b xxu||||| |||| 00| 0 spa d |
| 020 ## - International Standard Book Number | |
| Número Internacional Estándar del Libro (ISBN) | 9871138032 |
| 041 ## - Idioma | |
| Código de idioma | Español |
| 082 ## - Clasificación Decimal Dewey | |
| Número de clasificación | CO 863 G216r15 |
| 100 ## - Entrada principal--Autor personal | |
| Nombre personal | García Márquez, Gabriel |
| 9 (RLIN) | 3407 |
| 245 ## - Título propiamente dicho | |
| Título | Relato de un náufrago |
| 250 ## - Edición | |
| Mención de edición | 15 edición |
| 260 ## - Pie de imprenta | |
| Lugar de publicación, distribución, etc. | Argentina |
| 260 ## - Pie de imprenta | |
| Nombre del editor, distribuidor, etc. | Debolsillo |
| 260 ## - Pie de imprenta | |
| Fecha de publicación, distribución, etc. | 2007 |
| 300 ## - Descripción física | |
| Extensión | 160 páginas |
| 490 ## - Serie | |
| Título de la Serie | Temática General |
| 650 ## - Materia general | |
| Temática (materia general) | NOVELA COLOMBIANA |
| 650 ## - Materia general | |
| Temática (materia general) | LITERATURA COLOMBIANA |
| 650 ## - Materia general | |
| Temática (materia general) | NAUFRAGIO |
| 650 ## - Materia general | |
| Temática (materia general) | SUPERVIVENCIA |
| 650 ## - Materia general | |
| Temática (materia general) | REALISMO |
| 650 ## - Materia general | |
| Temática (materia general) | NARRATIVA |
| 942 ## - Punto de acceso adicional KOHA | |
| Tipo de ítem KOHA | Literatura |
| Fuente del sistema de clasificación o colocación | Dewey Decimal Classification |
| Signatura completa | Código de barras | Programa Académico | Tipo de ítem |
|---|---|---|---|
| CO 863 G216r15 | 13720 | Temática General | Literatura |